| 000 | 00329nam a22001097a 4500 | ||
|---|---|---|---|
| 008 | 160712b xxu||||| |||| 00| 0 eng d | ||
| 100 |
_92673 _a Offredi, M |
||
| 245 | _aLiterature, Language and the Media in India | ||
| 260 |
_aN.D _b Ajay Kumar Jain _c1992 |
||
| 300 | _aLiterature, Language and the Media in India | ||
| 942 |
_2ddc _cBK |
||
| 999 |
_c2326 _d2326 |
||